[Event "Hoogeveen Open"]
[Site "Hoogeveen, Netherlands"]
[Date "2018.10.21"]
[Round "2.34"]
[White "Oord, Raymon"]
[Black "Pham, Khoi"]
[Result "1/2-1/2"]
[WhiteElo "1900"]
[BlackElo "2153"]

1. b3 {[%clk 01:30:57]} {[%emt 00:00:02]} e5 {[%clk 01:30:43]} {[%emt
00:00:18]} 2. Bb2 {[%clk 01:31:20]} {[%emt 00:00:07]} d6 {[%clk 01:30:56]}
{[%emt 00:00:16]} 3. e3 {[%clk 01:31:38]} {[%emt 00:00:12]} Nf6 {[%clk
01:30:47]} {[%emt 00:00:39]} 4. c4 {[%clk 01:31:06]} {[%emt 00:01:02]} g6
{[%clk 01:30:54]} {[%emt 00:00:24]} 5. d4 {[%clk 01:28:27]} {[%emt 00:03:08]}
exd4 {[%clk 01:27:35]} {[%emt 00:03:50]} 6. exd4 {[%clk 01:27:34]} {[%emt
00:01:22]} Bg7 {[%clk 01:24:25]} {[%emt 00:03:42]} 7. Bd3 {[%clk 01:16:37]}
{[%emt 00:11:25]} O-O {[%clk 01:24:05]} {[%emt 00:00:51]} 8. Ne2 {[%clk
01:16:32]} {[%emt 00:00:35]} Nc6 {[%clk 01:24:04]} {[%emt 00:00:32]} 9. Nd2
{[%clk 01:13:22]} {[%emt 00:03:39]} Re8 {[%clk 01:20:21]} {[%emt 00:04:13]} 10.
O-O {[%clk 01:09:52]} {[%emt 00:03:59]} Bg4 {[%clk 01:18:01]} {[%emt 00:02:51]}
11. f3 {[%clk 01:00:11]} {[%emt 00:10:11]} Bd7 {[%clk 01:16:31]} {[%emt
00:02:00]} 12. Ne4 {[%clk 00:53:04]} {[%emt 00:07:36]} d5 {[%clk 01:10:57]}
{[%emt 00:06:04]} 13. Nxf6+ {[%clk 00:48:42]} {[%emt 00:04:52]} Qxf6 {[%clk
01:08:00]} {[%emt 00:03:27]} 14. cxd5 {[%clk 00:38:21]} {[%emt 00:10:52]} Nb4
{[%clk 01:05:38]} {[%emt 00:02:52]} 15. Be4 {[%clk 00:24:32]} {[%emt 00:14:18]}
Bb5 {[%clk 01:05:15]} {[%emt 00:00:54]} 16. Re1 {[%clk 00:11:57]} {[%emt
00:13:05]} Rad8 {[%clk 00:56:42]} {[%emt 00:09:03]} 17. Ng3 {[%clk 00:05:21]}
{[%emt 00:07:06]} Qb6 {[%clk 00:56:13]} {[%emt 00:00:59]} 18. a4 {[%clk
00:04:27]} {[%emt 00:01:24]} Ba6 {[%clk 00:55:25]} {[%emt 00:01:18]} 19. a5
{[%clk 00:04:26]} {[%emt 00:00:30]} Qb5 {[%clk 00:54:49]} {[%emt 00:01:06]} 20.
Ne2 {[%clk 00:03:02]} {[%emt 00:01:55]} f5 {[%clk 00:54:03]} {[%emt 00:01:16]}
21. Nc3 {[%clk 00:02:05]} {[%emt 00:01:27]} Qd7 {[%clk 00:54:20]} {[%emt
00:00:13]} 22. Ba3 {[%clk 00:01:34]} {[%emt 00:01:01]} fxe4 {[%clk 00:51:46]}
{[%emt 00:03:04]} 23. Bxb4 {[%clk 00:01:44]} {[%emt 00:00:20]} exf3 {[%clk
00:50:36]} {[%emt 00:01:39]} 24. Qxf3 {[%clk 00:01:08]} {[%emt 00:01:06]} Bxd4+
{[%clk 00:49:56]} {[%emt 00:01:10]} 25. Kh1 {[%clk 00:01:28]} {[%emt 00:00:10]}
Qg7 {[%clk 00:46:44]} {[%emt 00:03:43]} 26. Rad1 {[%clk 00:01:03]} {[%emt
00:00:55]} Rf8 {[%clk 00:44:26]} {[%emt 00:02:47]} 27. Qh3 {[%clk 00:00:45]}
{[%emt 00:00:48]} Rf5 {[%clk 00:44:03]} {[%emt 00:00:54]} 28. Re7 {[%clk
00:00:51]} {[%emt 00:00:24]} Rf7 {[%clk 00:35:21]} {[%emt 00:09:12]} 29. Qe6
{[%clk 00:00:57]} {[%emt 00:00:23]} Qf6 {[%clk 00:35:34]} {[%emt 00:00:17]} 30.
Qxf7+ {[%clk 00:00:59]} {[%emt 00:00:28]} Qxf7 {[%clk 00:35:56]} {[%emt
00:00:08]} 31. Rxf7 {[%clk 00:01:20]} {[%emt 00:00:09]} Bxc3 {[%clk 00:34:13]}
{[%emt 00:02:13]} 32. Rf4 {[%clk 00:01:37]} {[%emt 00:00:13]} Bg7 {[%clk
00:30:22]} {[%emt 00:04:22]} 33. Re4 {[%clk 00:01:40]} {[%emt 00:00:25]} Bb5
{[%clk 00:28:33]} {[%emt 00:02:19]} 34. h3 {[%clk 00:01:07]} {[%emt 00:01:03]}
Bc6 {[%clk 00:26:48]} {[%emt 00:02:16]} 35. Re2 {[%clk 00:00:38]} {[%emt
00:00:58]} Bxd5 {[%clk 00:26:23]} {[%emt 00:00:56]} 36. Red2 {[%clk 00:00:56]}
{[%emt 00:00:12]} c6 {[%clk 00:26:23]} {[%emt 00:00:30]} 37. Rd3 {[%clk
00:00:44]} {[%emt 00:00:42]} Re8 {[%clk 00:25:56]} {[%emt 00:00:56]} 38. Re1
{[%clk 00:00:53]} {[%emt 00:00:22]} Rxe1+ {[%clk 00:22:59]} {[%emt 00:03:27]}
39. Bxe1 {[%clk 00:01:20]} {[%emt 00:00:02]} Kf7 {[%clk 00:23:09]} {[%emt
00:00:20]} 40. Bf2 {[%clk 00:01:25]} {[%emt 00:00:25]} a6 {[%clk 00:22:47]}
{[%emt 00:00:53]} 41. Bc5 {[%clk 00:01:29]} {[%emt 00:00:26]} Bh6 {[%clk
00:22:08]} {[%emt 00:01:09]} 42. b4 {[%clk 00:27:04]} {[%emt 00:04:55]} Ke6
{[%clk 00:45:39]} {[%emt 00:06:58]} 43. Rd1 {[%clk 00:25:54]} {[%emt 00:01:40]}
Kd7 {[%clk 00:45:01]} {[%emt 00:01:08]} 44. Kh2 {[%clk 00:19:49]} {[%emt
00:06:36]} Bf4+ {[%clk 00:44:35]} {[%emt 00:00:55]} 45. g3 {[%clk 00:20:06]}
{[%emt 00:00:13]} Be5 {[%clk 00:44:24]} {[%emt 00:00:40]} 46. Re1 {[%clk
00:19:04]} {[%emt 00:01:33]} Bf6 {[%clk 00:44:47]} {[%emt 00:00:08]} 47. Rf1
{[%clk 00:17:59]} {[%emt 00:01:34]} Ke6 {[%clk 00:45:04]} {[%emt 00:00:14]}
1/2-1/2

[Event "Hoogeveen Open"]
[Site "Hoogeveen, Netherlands"]
[Date "2018.10.21"]
[Round "2.35"]
[White "Dev, Shah"]
[Black "Maters, Arthur"]
[Result "1-0"]
[WhiteElo "2146"]
[BlackElo "1933"]

1. d4 {[%clk 01:30:30]} Nf6 {[%clk 01:30:30]} 2. c4 {[%clk 01:30:30]} g6 {[%clk
01:30:30]} 3. Nc3 {[%clk 01:30:30]} d5 {[%clk 01:30:30]} 4. cxd5 {[%clk
01:30:30]} Nxd5 {[%clk 01:30:30]} 5. e4 {[%clk 01:30:30]} Nxc3 {[%clk
01:30:30]} 6. bxc3 {[%clk 01:30:30]} Bg7 {[%clk 01:30:30]} 7. Nf3 {[%clk
01:30:30]} Bg4 {[%clk 01:30:30]} 8. Qb3 {[%clk 01:19:10]} {[%emt 01:26:45]}
Bxf3 {[%clk 01:27:37]} {[%emt 00:04:13]} 9. gxf3 {[%clk 01:09:21]} {[%emt
00:10:19]} Nd7 {[%clk 01:20:29]} {[%emt 00:07:38]} 10. Be3 {[%clk 01:03:48]}
{[%emt 00:06:02]} O-O {[%clk 01:17:32]} {[%emt 00:03:27]} 11. Bg2 {[%clk
01:00:10]} {[%emt 00:04:08]} c5 {[%clk 01:12:59]} {[%emt 00:05:04]} 12. O-O
{[%clk 00:57:50]} {[%emt 00:02:48]} Qc7 {[%clk 01:11:37]} {[%emt 00:01:54]} 13.
f4 {[%clk 00:56:47]} {[%emt 00:01:32]} e6 {[%clk 01:05:12]} {[%emt 00:06:56]}
14. Rfd1 {[%clk 00:48:31]} {[%emt 00:08:46]} Rab8 {[%clk 00:52:09]} {[%emt
00:13:32]} 15. Rac1 {[%clk 00:47:57]} {[%emt 00:01:05]} Rfd8 {[%clk 00:50:20]}
{[%emt 00:02:19]} 16. Kh1 {[%clk 00:37:54]} {[%emt 00:10:32]} b6 {[%clk
00:47:07]} {[%emt 00:03:44]} 17. Rg1 {[%clk 00:29:21]} {[%emt 00:09:02]} Nf6
{[%clk 00:46:19]} {[%emt 00:01:19]} 18. Qd1 {[%clk 00:15:33]} {[%emt 00:14:18]}
h5 {[%clk 00:28:18]} {[%emt 00:18:31]} 19. h3 {[%clk 00:13:45]} {[%emt
00:02:17]} Qe7 {[%clk 00:27:37]} {[%emt 00:01:11]} 20. Qf3 {[%clk 00:11:14]}
{[%emt 00:03:02]} Qd7 {[%clk 00:20:07]} {[%emt 00:07:59]} 21. Rgd1 {[%clk
00:09:13]} {[%emt 00:02:31]} Qc6 {[%clk 00:18:32]} {[%emt 00:02:05]} 22. d5
{[%clk 00:06:52]} {[%emt 00:02:50]} exd5 {[%clk 00:17:58]} {[%emt 00:01:05]} 23.
e5 {[%clk 00:06:09]} {[%emt 00:01:13]} Nh7 {[%clk 00:13:34]} {[%emt 00:04:53]}
24. c4 {[%clk 00:05:54]} {[%emt 00:00:46]} Qe6 {[%clk 00:12:08]} {[%emt
00:01:56]} 25. cxd5 {[%clk 00:05:49]} {[%emt 00:00:35]} Qf5 {[%clk 00:12:33]}
{[%emt 00:00:05]} 26. h4 {[%clk 00:04:49]} {[%emt 00:01:30]} Qg4 {[%clk
00:12:17]} {[%emt 00:00:46]} 27. Qxg4 {[%clk 00:04:21]} {[%emt 00:00:58]} hxg4
{[%clk 00:12:45]} {[%emt 00:00:01]} 28. Kh2 {[%clk 00:04:42]} {[%emt 00:00:09]}
f5 {[%clk 00:12:12]} {[%emt 00:01:03]} 29. d6 {[%clk 00:03:36]} {[%emt
00:01:36]} Bf8 {[%clk 00:09:59]} {[%emt 00:02:43]} 30. Rd2 {[%clk 00:01:37]}
{[%emt 00:02:30]} Kf7 {[%clk 00:08:57]} {[%emt 00:01:32]} 31. Rcd1 {[%clk
00:01:35]} {[%emt 00:00:32]} Nf6 {[%clk 00:09:08]} {[%emt 00:00:19]} 32. exf6
{[%clk 00:01:41]} {[%emt 00:00:24]} Kxf6 {[%clk 00:09:34]} {[%emt 00:00:04]} 33.
d7 {[%clk 00:01:23]} {[%emt 00:00:49]} Be7 {[%clk 00:09:07]} {[%emt 00:00:56]}
34. Bc6 {[%clk 00:01:26]} {[%emt 00:00:27]} Rh8 {[%clk 00:09:31]} {[%emt
00:00:05]} 35. Kg2 {[%clk 00:01:48]} {[%emt 00:00:09]} Rbf8 {[%clk 00:07:48]}
{[%emt 00:02:13]} 36. Rd3 {[%clk 00:01:35]} {[%emt 00:00:43]} Bd8 {[%clk
00:05:11]} {[%emt 00:03:07]} 37. Bc1 {[%clk 00:01:47]} {[%emt 00:00:18]} Kf7
{[%clk 00:04:31]} {[%emt 00:01:10]} 38. Bb2 {[%clk 00:01:49]} {[%emt 00:00:28]}
Rxh4 {[%clk 00:04:21]} {[%emt 00:00:39]} 39. Re1 {[%clk 00:02:03]} {[%emt
00:00:17]} g5 {[%clk 00:04:43]} {[%emt 00:00:08]} 40. Bd5+ {[%clk 00:02:19]}
{[%emt 00:00:14]} Kg6 {[%clk 00:05:07]} {[%emt 00:00:06]} 41. Re8 {[%clk
00:02:26]} {[%emt 00:00:22]} gxf4 {[%clk 00:03:16]} {[%emt 00:02:21]} 42. Rxf8
{[%clk 00:02:17]} {[%emt 00:00:40]} f3+ {[%clk 00:03:40]} {[%emt 00:00:06]} 43.
Bxf3 {[%clk 00:02:45]} {[%emt 00:00:02]} gxf3+ {[%clk 00:04:00]} {[%emt
00:00:10]} 44. Rxf3 {[%clk 00:03:10]} {[%emt 00:00:04]} 1-0

[Event "Hoogeveen Open"]
[Site "Hoogeveen, Netherlands"]
[Date "2018.10.21"]
[Round "2.36"]
[White "Kutchoukov, Daniel"]
[Black "Mellema, Andries"]
[Result "0-1"]
[WhiteElo "1882"]
[BlackElo "2140"]

1. e4 {[%clk 01:30:58]} e6 {[%clk 01:30:53]} {[%emt 00:00:08]} 2. d4 {[%clk
01:31:27]} {[%emt 00:00:01]} d5 {[%clk 01:31:17]} {[%emt 00:00:06]} 3. Nd2
{[%clk 01:31:54]} {[%emt 00:00:03]} Nf6 {[%clk 01:30:58]} {[%emt 00:00:48]} 4.
e5 {[%clk 01:32:21]} {[%emt 00:00:04]} Nfd7 {[%clk 01:31:19]} {[%emt 00:00:09]}
5. Bd3 {[%clk 01:32:46]} {[%emt 00:00:06]} c5 {[%clk 01:31:40]} {[%emt
00:00:08]} 6. c3 {[%clk 01:33:13]} {[%emt 00:00:03]} Nc6 {[%clk 01:32:05]}
{[%emt 00:00:05]} 7. Ne2 {[%clk 01:33:40]} {[%emt 00:00:03]} cxd4 {[%clk
01:32:11]} {[%emt 00:00:24]} 8. cxd4 {[%clk 01:34:08]} {[%emt 00:00:02]} f6
{[%clk 01:32:17]} {[%emt 00:00:23]} 9. exf6 {[%clk 01:34:35]} {[%emt 00:00:04]}
Nxf6 {[%clk 01:32:28]} {[%emt 00:00:19]} 10. Nf3 {[%clk 01:34:58]} {[%emt
00:00:07]} Bd6 {[%clk 01:32:52]} {[%emt 00:00:06]} 11. O-O {[%clk 01:35:23]}
{[%emt 00:00:05]} O-O {[%clk 01:33:16]} {[%emt 00:00:06]} 12. Bf4 {[%clk
01:28:40]} {[%emt 00:07:13]} Bxf4 {[%clk 01:30:45]} {[%emt 00:03:01]} 13. Nxf4
{[%clk 01:28:46]} {[%emt 00:00:24]} Ne4 {[%clk 01:30:29]} {[%emt 00:00:45]} 14.
Qc1 {[%clk 01:22:17]} {[%emt 00:06:59]} Ng5 {[%clk 01:21:58]} {[%emt 00:09:01]}
15. Nxg5 {[%clk 01:19:06]} {[%emt 00:03:42]} Qxg5 {[%clk 01:21:13]} {[%emt
00:01:16]} 16. Ne2 {[%clk 01:19:01]} {[%emt 00:00:34]} Qf6 {[%clk 01:17:58]}
{[%emt 00:03:45]} 17. Qe3 {[%clk 01:15:29]} {[%emt 00:04:02]} e5 {[%clk
00:59:34]} {[%emt 00:18:53]} 18. dxe5 {[%clk 01:05:33]} {[%emt 00:10:27]} Nxe5
{[%clk 00:58:42]} {[%emt 00:01:22]} 19. Nd4 {[%clk 00:32:23]} {[%emt 00:33:40]}
Bd7 {[%clk 00:34:14]} {[%emt 00:24:58]} 20. Rac1 {[%clk 00:15:28]} {[%emt
00:17:25]} Kh8 {[%clk 00:28:10]} {[%emt 00:06:34]} 21. Be2 {[%clk 00:06:59]}
{[%emt 00:09:00]} Rae8 {[%clk 00:10:41]} {[%emt 00:17:58]} 22. Qd2 {[%clk
00:07:18]} {[%emt 00:00:11]} Nc6 {[%clk 00:10:03]} {[%emt 00:01:08]} 23. Nb3
{[%clk 00:02:55]} {[%emt 00:04:53]} Qg6 {[%clk 00:07:05]} {[%emt 00:03:28]} 24.
Bd3 {[%clk 00:00:56]} {[%emt 00:02:30]} Qd6 {[%clk 00:04:39]} {[%emt 00:02:54]}
25. Rce1 {[%clk 00:00:43]} {[%emt 00:00:44]} Ne5 {[%clk 00:04:49]} {[%emt
00:00:20]} 26. Be2 {[%clk 00:00:36]} {[%emt 00:00:37]} Bg4 {[%clk 00:03:03]}
{[%emt 00:02:16]} 27. Bxg4 {[%clk 00:00:42]} {[%emt 00:00:24]} Nxg4 {[%clk
00:03:32]} {[%emt 00:00:02]} 28. g3 {[%clk 00:00:38]} {[%emt 00:00:33]} Rxe1
{[%clk 00:03:23]} {[%emt 00:00:39]} 29. Rxe1 {[%clk 00:00:38]} {[%emt
00:00:30]} Nxf2 {[%clk 00:02:18]} {[%emt 00:01:34]} 30. Qxf2 {[%clk 00:00:38]}
{[%emt 00:00:31]} Rxf2 {[%clk 00:02:37]} {[%emt 00:00:11]} 31. Kxf2 {[%clk
00:00:55]} {[%emt 00:00:13]} h6 {[%clk 00:02:35]} {[%emt 00:00:32]} 32. Rd1
{[%clk 00:00:35]} {[%emt 00:00:50]} Qf6+ {[%clk 00:02:46]} {[%emt 00:00:18]} 33.
Ke3 {[%clk 00:00:34]} {[%emt 00:00:32]} Qxb2 {[%clk 00:02:14]} {[%emt
00:01:01]} 34. Rd2 {[%clk 00:00:37]} {[%emt 00:00:27]} Qe5+ {[%clk 00:01:39]}
{[%emt 00:01:05]} 35. Kd3 {[%clk 00:00:37]} {[%emt 00:00:31]} Qe4+ {[%clk
00:01:02]} {[%emt 00:01:07]} 36. Kc3 {[%clk 00:00:55]} {[%emt 00:00:12]} Qc4+
{[%clk 00:01:21]} {[%emt 00:00:10]} 37. Kb2 {[%clk 00:01:20]} {[%emt 00:00:06]}
b5 {[%clk 00:00:33]} {[%emt 00:01:18]} 38. Rd4 {[%clk 00:01:17]} {[%emt
00:00:33]} Qe2+ {[%clk 00:00:44]} {[%emt 00:00:19]} 39. Rd2 {[%clk 00:01:29]}
{[%emt 00:00:19]} Qe5+ {[%clk 00:01:00]} {[%emt 00:00:13]} 40. Kc2 {[%clk
00:01:41]} {[%emt 00:00:19]} a6 {[%clk 00:00:33]} {[%emt 00:00:57]} 41. Rd4
{[%clk 00:01:10]} {[%emt 00:01:00]} a5 {[%clk 00:25:46]} {[%emt 00:05:17]} 42.
Rd2 {[%clk 00:28:36]} {[%emt 00:03:03]} a4 {[%clk 00:23:04]} {[%emt 00:03:13]}
43. Nd4 {[%clk 00:28:27]} {[%emt 00:00:39]} b4 {[%clk 00:22:56]} {[%emt
00:00:38]} 44. Ne2 {[%clk 00:27:55]} {[%emt 00:01:02]} Qe3 {[%clk 00:22:13]}
{[%emt 00:01:10]} 45. Kd1 {[%clk 00:25:35]} {[%emt 00:02:52]} Qe4 {[%clk
00:18:27]} {[%emt 00:04:16]} 46. Nc1 {[%clk 00:25:36]} {[%emt 00:00:29]} Qf3+
{[%clk 00:15:55]} {[%emt 00:03:02]} 47. Kc2 {[%clk 00:17:51]} {[%emt 00:08:16]}
Qc3+ {[%clk 00:09:18]} {[%emt 00:07:07]} 48. Kd1 {[%clk 00:18:19]} {[%emt
00:00:02]} Qa1 {[%clk 00:08:35]} {[%emt 00:01:11]} 49. Rd3 {[%clk 00:18:06]}
{[%emt 00:00:44]} Qb1 {[%clk 00:08:50]} {[%emt 00:00:15]} 50. Kd2 {[%clk
00:18:14]} {[%emt 00:00:23]} Qb2+ {[%clk 00:08:50]} {[%emt 00:00:29]} 51. Kd1
{[%clk 00:18:02]} {[%emt 00:00:43]} Qxh2 {[%clk 00:08:34]} {[%emt 00:00:45]}
0-1

[Event "Hoogeveen Open"]
[Site "Hoogeveen, Netherlands"]
[Date "2018.10.21"]
[Round "2.38"]
[White "Hilwerda, Jonas"]
[Black "Bleeker, Kasper"]
[Result "1-0"]
[WhiteElo "2109"]
[BlackElo "1891"]

1. e4 {[%clk 01:30:58]} e5 {[%clk 01:30:50]} {[%emt 00:00:11]} 2. Nf3 {[%clk
01:31:20]} {[%emt 00:00:08]} Nc6 {[%clk 01:31:13]} {[%emt 00:00:06]} 3. Bc4
{[%clk 01:31:44]} {[%emt 00:00:07]} Nf6 {[%clk 01:31:37]} {[%emt 00:00:05]} 4.
Ng5 {[%emt 00:00:20]} d5 {[%clk 01:32:02]} 5. exd5 {[%clk 01:32:26]} {[%emt
00:00:05]} Na5 {[%clk 01:32:31]} {[%emt 00:00:01]} 6. Bb5+ {[%clk 01:32:47]}
{[%emt 00:00:08]} c6 {[%clk 01:32:58]} {[%emt 00:00:03]} 7. dxc6 {[%clk
01:33:10]} {[%emt 00:00:07]} bxc6 {[%clk 01:33:25]} {[%emt 00:00:03]} 8. Bd3
{[%clk 01:33:34]} {[%emt 00:00:06]} Nd5 {[%clk 01:33:49]} {[%emt 00:00:06]} 9.
h4 {[%clk 01:33:37]} {[%emt 00:00:26]} Be7 {[%clk 01:26:20]} {[%emt 00:08:00]}
10. Qf3 {[%clk 01:31:40]} {[%emt 00:02:27]} f5 {[%clk 01:15:00]} {[%emt
00:11:51]} 11. Bxf5 {[%clk 01:31:58]} {[%emt 00:00:11]} Rf8 {[%clk 01:02:05]}
{[%emt 00:13:25]} 12. Qh5+ {[%clk 01:32:22]} {[%emt 00:00:06]} g6 {[%clk
01:02:28]} {[%emt 00:00:08]} 13. Bxg6+ {[%clk 01:32:49]} {[%emt 00:00:02]} hxg6
{[%clk 01:02:56]} {[%emt 00:00:02]} 14. Qxg6+ {[%clk 01:33:10]} {[%emt
00:00:09]} Kd7 {[%clk 01:03:12]} {[%emt 00:00:14]} 15. d3 {[%clk 01:33:18]}
{[%emt 00:00:21]} Rf6 {[%clk 00:55:42]} {[%emt 00:08:01]} 16. Qe4 {[%clk
01:25:44]} {[%emt 00:08:03]} Qb6 {[%clk 00:48:04]} {[%emt 00:08:09]} 17. O-O
{[%clk 01:20:50]} {[%emt 00:05:23]} Bb7 {[%clk 00:32:16]} {[%emt 00:16:19]} 18.
Nd2 {[%clk 01:12:10]} {[%emt 00:09:09]} Re8 {[%clk 00:25:33]} {[%emt 00:07:13]}
19. Qg4+ {[%clk 01:10:56]} {[%emt 00:01:44]} Kc7 {[%clk 00:25:16]} {[%emt
00:00:48]} 20. Nde4 {[%clk 00:51:42]} {[%emt 00:19:44]} Bc8 {[%clk 00:23:38]}
{[%emt 00:02:09]} 21. Qh5 {[%clk 00:50:45]} {[%emt 00:01:25]} Rff8 {[%clk
00:23:02]} {[%emt 00:01:07]} 22. Nf7 {[%clk 00:44:55]} {[%emt 00:06:18]} Nb7
{[%clk 00:20:49]} {[%emt 00:02:45]} 23. Qxe5+ {[%clk 00:42:24]} {[%emt
00:03:01]} Bd6 {[%clk 00:20:20]} {[%emt 00:00:59]} 24. Qg7 {[%clk 00:39:38]}
{[%emt 00:03:15]} Rg8 {[%clk 00:19:35]} {[%emt 00:01:16]} 25. Qh7 {[%clk
00:36:14]} {[%emt 00:03:54]} Bd7 {[%clk 00:15:03]} {[%emt 00:05:02]} 26. c4
{[%clk 00:34:04]} {[%emt 00:02:40]} Nf4 {[%clk 00:13:15]} {[%emt 00:02:18]} 27.
Nfxd6 {[%clk 00:31:34]} {[%emt 00:03:00]} Ne2+ {[%clk 00:12:40]} {[%emt
00:01:05]} 28. Kh1 {[%clk 00:26:00]} {[%emt 00:06:04]} Nxd6 {[%clk 00:12:31]}
{[%emt 00:00:39]} 29. c5 {[%clk 00:17:05]} {[%emt 00:09:25]} Qb4 {[%clk
00:08:16]} {[%emt 00:04:45]} 30. cxd6+ {[%clk 00:16:18]} {[%emt 00:01:17]} Kc8
{[%clk 00:08:18]} {[%emt 00:00:29]} 31. Nf6 {[%clk 00:13:00]} {[%emt 00:03:47]}
Rg7 {[%clk 00:07:05]} {[%emt 00:01:44]} 32. Qh5 {[%clk 00:10:43]} {[%emt
00:02:45]} Rf8 {[%clk 00:02:28]} {[%emt 00:05:09]} 33. Bg5 {[%clk 00:07:09]}
{[%emt 00:04:03]} Nf4 {[%clk 00:01:47]} {[%emt 00:01:11]} 34. Qh6 {[%clk
00:05:32]} {[%emt 00:02:07]} Ne6 {[%clk 00:00:56]} {[%emt 00:01:22]} 35. Rae1
{[%clk 00:04:23]} {[%emt 00:01:38]} Rgf7 {[%clk 00:01:03]} {[%emt 00:00:24]} 36.
Nxd7 {[%clk 00:03:10]} {[%emt 00:01:42]} Kxd7 {[%clk 00:01:28]} {[%emt
00:00:06]} 37. Qxe6# {[%clk 00:02:38]} {[%emt 00:00:29]} 1-0

[Event "Hoogeveen Open"]
[Site "Hoogeveen, Netherlands"]
[Date "2018.10.21"]
[Round "2.39"]
[White "Brands, Kevin"]
[Black "De Boer, Bas"]
[Result "0-1"]
[WhiteElo "1862"]
[BlackElo "2102"]

1. e4 {[%clk 01:30:58]} {[%emt 00:00:02]} c5 {[%clk 01:30:54]} {[%emt
00:00:06]} 2. Nf3 {[%clk 01:31:26]} {[%emt 00:00:02]} d6 {[%clk 01:31:18]}
{[%emt 00:00:05]} 3. d4 {[%clk 01:31:53]} {[%emt 00:00:03]} cxd4 {[%clk
01:31:45]} {[%emt 00:00:04]} 4. Nxd4 {[%clk 01:32:21]} {[%emt 00:00:02]} Nf6
{[%clk 01:32:09]} {[%emt 00:00:06]} 5. Nc3 {[%clk 01:32:47]} {[%emt 00:00:03]}
a6 {[%clk 01:32:34]} {[%emt 00:00:05]} 6. Be3 {[%clk 01:33:14]} {[%emt
00:00:04]} e5 {[%clk 01:32:57]} {[%emt 00:00:07]} 7. Nb3 {[%clk 01:33:36]}
{[%emt 00:00:08]} Be6 {[%clk 01:33:21]} {[%emt 00:00:05]} 8. f3 {[%clk
01:33:31]} {[%emt 00:00:36]} Be7 {[%clk 01:33:24]} {[%emt 00:00:26]} 9. Qd2
{[%clk 01:33:50]} {[%emt 00:00:11]} O-O {[%clk 01:33:26]} {[%emt 00:00:28]} 10.
O-O-O {[%clk 01:34:10]} {[%emt 00:00:11]} Nbd7 {[%clk 01:33:48]} {[%emt
00:00:07]} 11. g4 {[%clk 01:33:58]} {[%emt 00:00:42]} b5 {[%clk 01:34:12]}
{[%emt 00:00:07]} 12. g5 {[%clk 01:33:16]} {[%emt 00:01:12]} Nh5 {[%clk
01:34:34]} {[%emt 00:00:08]} 13. Kb1 {[%clk 01:30:02]} {[%emt 00:03:44]} Nb6
{[%clk 01:34:55]} {[%emt 00:00:08]} 14. Na5 {[%clk 01:22:08]} {[%emt 00:08:24]}
Rc8 {[%clk 01:31:32]} {[%emt 00:03:52]} 15. Nd5 {[%clk 01:00:08]} {[%emt
00:22:32]} Nxd5 {[%clk 01:31:20]} {[%emt 00:00:41]} 16. exd5 {[%clk 01:00:32]}
{[%emt 00:00:06]} Bxd5 {[%clk 01:31:45]} {[%emt 00:00:05]} 17. Qxd5 {[%clk
00:58:53]} {[%emt 00:02:10]} Qxa5 {[%clk 01:32:09]} {[%emt 00:00:06]} 18. Bh3
{[%clk 00:58:02]} {[%emt 00:01:20]} Rc4 {[%clk 01:20:32]} {[%emt 00:12:06]} 19.
Bg4 {[%clk 00:45:54]} {[%emt 00:12:39]} Nf4 {[%clk 01:18:43]} {[%emt 00:02:19]}
20. Bxf4 {[%clk 00:46:20]} {[%emt 00:00:05]} Rxf4 {[%clk 01:18:02]} {[%emt
00:01:10]} 21. Qb7 {[%clk 00:41:28]} {[%emt 00:05:23]} Ra4 {[%clk 00:58:32]}
{[%emt 00:20:00]} 22. Be6 {[%clk 00:29:44]} {[%emt 00:12:14]} Bxg5 {[%clk
00:45:10]} {[%emt 00:13:51]} 23. Rxd6 {[%clk 00:23:11]} {[%emt 00:07:04]} Rd4
{[%clk 00:39:29]} {[%emt 00:06:10]} 24. Rxd4 {[%clk 00:11:20]} {[%emt
00:12:21]} exd4 {[%clk 00:39:52]} {[%emt 00:00:07]} 25. Qd5 {[%clk 00:08:07]}
{[%emt 00:03:43]} Qd2 {[%clk 00:36:16]} {[%emt 00:04:05]} 26. Bh3 {[%clk
00:03:57]} {[%emt 00:04:41]} Rd8 {[%clk 00:35:32]} {[%emt 00:01:14]} 27. Qe4
{[%clk 00:04:06]} {[%emt 00:00:21]} d3 {[%clk 00:34:43]} {[%emt 00:01:20]} 28.
cxd3 {[%clk 00:03:26]} {[%emt 00:01:11]} Bf6 {[%clk 00:29:10]} {[%emt
00:06:01]} 29. d4 {[%clk 00:02:57]} {[%emt 00:01:00]} g6 {[%clk 00:29:04]}
{[%emt 00:00:34]} 30. Qc2 {[%clk 00:01:22]} {[%emt 00:02:06]} Rxd4 {[%clk
00:28:45]} {[%emt 00:00:49]} 31. Rc1 {[%clk 00:01:13]} {[%emt 00:00:39]} Qf4
{[%clk 00:24:52]} {[%emt 00:04:23]} 32. Qc8+ {[%clk 00:00:59]} {[%emt
00:00:44]} Kg7 {[%clk 00:24:05]} {[%emt 00:01:16]} 33. Qc2 {[%clk 00:00:36]}
{[%emt 00:00:55]} Rd2 {[%clk 00:24:23]} {[%emt 00:00:11]} 0-1